Bratislava Downtown

Salvato in:
Dettagli Bibliografici
Autore principale: Čopková, Patrícia (Autore)
Altri autori: Majcher, Stanislav (Relatore della tesi)
Natura: Manoscritto Libro
Lingua:slovacco
Pubblicazione: Bratislava 2023
Soggetti:
Accesso online:http://is.stuba.sk/zp/portal_zp.pl?podrobnosti=170378
Tags: Aggiungi Tag
Nessun Tag, puoi essere il primo ad aggiungerne!!

MARC

LEADER 00000ntm a22000003a 4500
001 stuzp94449
003 SK-STU
005 20231009073818.1
007 ta
008 150427s2015----xo-----f-mn---000-0-slo-d
040 |a STU  |b slo 
041 0 |a slo 
100 1 |a Čopková, Patrícia  |u 051110  |4 aut  |U FAD Fakulta architektúry a dizajnu  |T FAD Ústav architektúry obytných budov  |X 93629  |U A1110  |Y 392  |7 93629 
242 0 1 |a Bratislava Downtown  |y eng 
245 1 0 |a Bratislava Downtown 
260 |c 2023  |a Bratislava 
650 4 |a bytový dom  |2 slo 
650 4 |a polyfunkčný parter  |2 slo 
650 4 |a Bratislava Downtown  |2 slo 
650 4 |a vysoká budova  |2 slo 
650 4 |a Bratislava Downtown  |2 eng 
650 4 |a high-rise building  |2 eng 
650 4 |a apartment building  |2 eng 
650 4 |a multifunctional ground floor  |2 eng 
700 1 |a Majcher, Stanislav  |u 051110  |k Z1  |4 ths  |U FAD Fakulta architektúry a dizajnu  |T FAD Ústav architektúry obytných budov  |X 4410  |U A1110  |Y 392  |7 A000004410 
856 4 |u http://is.stuba.sk/zp/portal_zp.pl?podrobnosti=170378  |u https://opac.crzp.sk/?fn=detailBiblioForm&sid=2D2C61E4341E53665C62143BFA9A